| 000 | 00673cam a2200205 a 4500 | ||
|---|---|---|---|
| 001 | 000006300 | ||
| 005 | 20200929153918.0 | ||
| 008 | 880420s1986 nq 001 0 spa | ||
| 040 |
_aDO-SdBNP _cDLC _dDLC |
||
| 082 |
_aN861.44 _bF363p |
||
| 100 | 1 |
_aFernández, Francisco de Asís, _d1945- _98730 |
|
| 245 | 1 | 0 |
_aPasión de la memoria / _cFrancisco de Asís Fernández. |
| 260 |
_aNicaragua : _bNueva Nicaragua, _c1986. |
||
| 300 |
_a137 p. ; _c20 cm. |
||
| 490 | 1 |
_aLetras de Nicaragua _6no. 21 |
|
| 650 | 4 |
_aPoesía nicaraguense _98179 |
|
| 650 | 4 |
_aLiteratura nicaraguense _98180 |
|
| 830 | 0 |
_aLetras de Nicaragua ; _vno. 21. _98119 |
|
| 910 | _aCatalogación por copia / LC | ||
| 999 |
_c6095 _d6095 |
||